Le Corrid'Art pour un urbanisme 2.0 à Hussein dey (notice n° 32710)
[ vue normale ]
| 000 -LEADER | |
|---|---|
| fixed length control field | 00542nam a22002057a 4500 |
| 040 ## - SOURCE DU CATALOGAGE | |
| Origine cataloguage | BC-EPAU |
| 041 ## - CODE DE LANGUE | |
| Langue | Français |
| 100 ## - VEDETTE PRINCIPALE - AUTEUR PRINCIPAL | |
| Auteur | BENYAHYA, Celya |
| 245 ## - MENTION DU TITRE | |
| Titre | Le Corrid'Art pour un urbanisme 2.0 à Hussein dey |
| 260 ## - PUBLICATION, DIFFUSION, ETC. (ADRESSE BIBLIOGRAPHIQUE) | |
| Lieu d'édition | EPAU |
| Nom de l'éditeur | EPAU |
| Année d'édition | 2019 |
| 300 ## - DESCRIPTION MATÉRIELLE | |
| Illustration | Ill. en coul., fig. |
| Format | 30 cm. |
| Matériel d'accompagnement | cd |
| 700 ## - DIRECTEUR DE THÈSE | |
| NOM et Prenom | CHERFAOUI, Dounia |
| Fonction | Rapporteur |
| 700 ## - DIRECTEUR DE THÈSE | |
| NOM et Prenom | BALAMANE,Rafik |
| Fonction | Rapporteur |
| 942 ## - DETAILS SUPPLEMENTAIRES | |
| Type document | Rapport PFE |
| Famille/Sous-Famille | RAPPORT DU PROJET DE FIN D'ETUDES --> VILLE, URBANISME ET DEVELOPPEMENT DURABLE |
| Cote | 7/0282 |
| 994 ## - Code Document | |
| Code | 42010282 |
| 502 ## - NOTE : PFE / Mémoire / Thèse | |
| notes | Rapport PFE |
| 653 ## - DESCRIPTEUR LIBRE | |
| Mots clés libres | Hussein Dey |
| 653 ## - DESCRIPTEUR LIBRE | |
| Mots clés libres | Urbanisme |
| Lieu de Stockage Actuel | N° Inventaire | Cote | Code à Barre | Type Document | Ancienne cote |
|---|---|---|---|---|---|
| Bibliothèque Centrale | 35778 | 42010282001 | 42010282001 | Rapport PFE | 7/0282 |